Eastern Utah Libraries Catalog: Duchesne, Heber, Roosevelt, & Vernal

Five feet apart / (Record no. 320396)

MARC details
000 -LEADER
fixed length control field 05335cgm a2201021Ii 4500
001 - CONTROL NUMBER
control field on1096311317
003 - CONTROL NUMBER IDENTIFIER
control field OCoLC
005 - DATE AND TIME OF LATEST TRANSACTION
control field 20200320221117.0
007 - PHYSICAL DESCRIPTION FIXED FIELD--GENERAL INFORMATION
fixed length control field vd cvaizq
008 - FIXED-LENGTH DATA ELEMENTS--GENERAL INFORMATION
fixed length control field 190329s2019 cau116 vleng d
019 ## -
-- 1104220177
-- 1104261819
024 1# - OTHER STANDARD IDENTIFIER
Standard number or code 031398303688
028 42 - PUBLISHER NUMBER
Publisher number 56210
Source Lionsgate
035 ## - SYSTEM CONTROL NUMBER
System control number (OCoLC)1096311317
Canceled/invalid control number (OCoLC)1104220177
-- (OCoLC)1104261819
040 ## - CATALOGING SOURCE
Original cataloging agency W8N
Language of cataloging eng
Description conventions rda
Transcribing agency W8N
Modifying agency TEF
-- TEFMT
-- LMJ
-- OCLCF
-- HQD
-- IUK
-- PX0
-- INO
-- DV1
-- JJG
-- WACOL
041 0# - LANGUAGE CODE
Language code of text/sound track or separate title eng
-- eng
Language code of original and/or intermediate translations of text eng
049 ## - LOCAL HOLDINGS (OCLC)
Holding library WACL
050 #4 - LIBRARY OF CONGRESS CALL NUMBER
Classification number PN1997.2
Item number .F58 2019
082 04 - DEWEY DECIMAL CLASSIFICATION NUMBER
Classification number 791.43/72
Edition number 23
092 ## - LOCALLY ASSIGNED DEWEY CALL NUMBER (OCLC)
Classification number DVD
Item number Fiv
245 00 - TITLE STATEMENT
Title Five feet apart /
Statement of responsibility, etc CBS Films presents ; a Welle Entertainment/Wayfarer Entertainment production ; produced by Cathy Schulma, Justin Baldoni ; written by Mikki Daughtry & Tobias Iaconis ; directed by Justin Baldoni.
246 3# - VARYING FORM OF TITLE
Title proper/short title 5 feet apart
257 ## - COUNTRY OF PRODUCING ENTITY FOR ARCHIVAL FILMS
Country of producing entity United States
-- naf
264 #1 - Production, Publication, Distribution, Manufacture, and Copyright Notice.
Place of production, publication, distribution, manufacture Santa Monica, CA :
Name of producer, publisher, distributor, manufacturer Lionsgate,
Date of production, publication, distribution, manufacture, or copyr [2019]
300 ## - PHYSICAL DESCRIPTION
Extent 1 videodisc (approximately 116 minutes) :
Other physical details sound, color ;
Dimensions 4 3/4 in.
336 ## - Content Type
Content type term two-dimensional moving image
337 ## - Media type
Media type term video
338 ## - Carrier type
Carrier type term videodisc
340 ## - PHYSICAL MEDIUM
Information recording technique stamping
-- rdapm
340 ## - PHYSICAL MEDIUM
Dimensions 4 3/4 in.
-- color
-- rda
344 ## -
-- digital
-- rdatr
344 ## -
-- optical
-- rdapm
344 ## -
-- surround
-- rdapc
344 ## -
-- Dolby Digital 5.1
346 ## -
-- NTSC
-- rdabs
347 ## -
-- video file
-- rdaft
347 ## -
-- DVD video
347 ## -
-- Region 1
-- rdare
380 ## -
-- Motion pictures
-- lcgft
538 ## - SYSTEM DETAILS NOTE
System details note DVD, NTSC region 1, widescreen (2.39:1) presentation; Dolby Digital 5.1.
546 ## - LANGUAGE NOTE
Language note In English or Spanish; Spanish subtitles; English subtitles for the deaf and hard-of-hearing (SDH); English descriptive audio track for people with visual disabilities.
588 0# -
-- Title from disc surface.
511 1# - PARTICIPANT OR PERFORMER NOTE
Participant or performer note Haley Lu Richardson, Cole Sprouse, Moises Arias, Kimberly Hébert Gregory, Emily Baldoni, Parminder Nagra, Claire Forlani.
508 ## - CREATION/PRODUCTION CREDITS NOTE
Creation/production credits note Music, Brian Tyler, Breton Vivian ; costume designer, Rachel Sage Kunin ; editor, Angela M. Catanzard ; production designer, Anthony T. Fanning ; director of photography, Frankie G. De Marco.
500 ## - GENERAL NOTE
General note Originally released as a motion picture in 2019.
500 ## - GENERAL NOTE
General note Wide screen.
521 8# - TARGET AUDIENCE NOTE
Target audience note MPAA rating: PG-13; thematic elements, language and suggestive material.
520 ## - SUMMARY, ETC.
Summary, etc Life as a teenager is hard. Life gets even harder when you're a teenager suffering from a life-threatening illness. Compound illness, adolescence, and the fact that you're spending most of your time in the hospital; life can get very lonely. The only person who could possibly understand may be a teenager living a similar life. When two critically ill teens met at a hospital, only time will tell if they will become friends or even fall in love?
500 ## - GENERAL NOTE
General note Special features: Alternate ending; Deleted scenes; Audio commentary with Justin Baldoni; Crossing it off: Making of; On the set of Five Feet Apart; Attention to detail; An artist's eye; Theatrical fan event.
521 ## - TARGET AUDIENCE NOTE
Target audience note DVD
Source Midwest Tape
650 #0 - SUBJECT ADDED ENTRY--TOPICAL TERM
Topical term or geographic name as entry element Teenage girls
Form subdivision Drama.
9 (RLIN) 5689229
650 #0 - SUBJECT ADDED ENTRY--TOPICAL TERM
Topical term or geographic name as entry element Cystic fibrosis
General subdivision Patients
Form subdivision Drama.
9 (RLIN) 5779680
650 #0 - SUBJECT ADDED ENTRY--TOPICAL TERM
Topical term or geographic name as entry element Man-woman relationships
Form subdivision Drama.
9 (RLIN) 5673977
650 #0 - SUBJECT ADDED ENTRY--TOPICAL TERM
Topical term or geographic name as entry element Teenagers
Form subdivision Drama.
9 (RLIN) 5699059
650 #7 - SUBJECT ADDED ENTRY--TOPICAL TERM
Topical term or geographic name as entry element Muchachas adolescentes
Form subdivision Drama.
Source of heading or term qlsp
9 (RLIN) 6005957
655 #7 - INDEX TERM--GENRE/FORM
Genre/form data or focus term Romance films.
Source of term lcgft
9 (RLIN) 5675183
655 #7 - INDEX TERM--GENRE/FORM
Genre/form data or focus term Fiction films.
Source of term lcgft
9 (RLIN) 5674705
655 #7 - INDEX TERM--GENRE/FORM
Genre/form data or focus term Feature films.
Source of term lcgft
9 (RLIN) 6005958
655 #7 - INDEX TERM--GENRE/FORM
Genre/form data or focus term Video recordings for the hearing impaired.
Source of term lcgft
9 (RLIN) 6005959
655 #4 - INDEX TERM--GENRE/FORM
Genre/form data or focus term Romance.
9 (RLIN) 6005960
655 #7 - INDEX TERM--GENRE/FORM
Genre/form data or focus term Drama.
Source of term fast
9 (RLIN) 5673873
655 #7 - INDEX TERM--GENRE/FORM
Genre/form data or focus term Romance films.
Source of term fast
9 (RLIN) 5675183
655 #7 - INDEX TERM--GENRE/FORM
Genre/form data or focus term Video recordings for the hearing impaired.
Source of term fast
9 (RLIN) 6005959
655 #0 - INDEX TERM--GENRE/FORM
Genre/form data or focus term Spanish language materials
General subdivision Bilingual.
9 (RLIN) 5688923
655 #7 - INDEX TERM--GENRE/FORM
Genre/form data or focus term Largometrajes.
Source of term qlsp
9 (RLIN) 5755381
700 1# - ADDED ENTRY--PERSONAL NAME
Personal name Baldoni, Justin,
Dates associated with a name 1984-
Relator term film director,
-- film producer.
9 (RLIN) 6005961
700 1# - ADDED ENTRY--PERSONAL NAME
Personal name Daughtry, Mikki,
Relator term screenwriter.
9 (RLIN) 5796246
700 1# - ADDED ENTRY--PERSONAL NAME
Personal name Iaconis, Tobias,
Dates associated with a name 1971-
Relator term screenwriter.
9 (RLIN) 5796247
700 1# - ADDED ENTRY--PERSONAL NAME
Personal name Schulman, Cathy,
Relator term film producer.
9 (RLIN) 72297
700 1# - ADDED ENTRY--PERSONAL NAME
Personal name Richardson, Haley Lu,
Relator term actor.
9 (RLIN) 6005962
700 1# - ADDED ENTRY--PERSONAL NAME
Personal name Sprouse, Cole,
Dates associated with a name 1992-
Relator term actor. .
9 (RLIN) 58316
700 1# - ADDED ENTRY--PERSONAL NAME
Personal name Arias, Moises,
Dates associated with a name 1994-
Relator term actor.
9 (RLIN) 5960315
700 1# - ADDED ENTRY--PERSONAL NAME
Personal name Hébert Gregory, Kimberly,
Dates associated with a name 1973-
Relator term actor.
9 (RLIN) 6005963
700 1# - ADDED ENTRY--PERSONAL NAME
Personal name Foxler, Emily,
Dates associated with a name 1984-
Relator term actor.
9 (RLIN) 6005964
700 1# - ADDED ENTRY--PERSONAL NAME
Personal name Nagra, Parminder,
Dates associated with a name 1975-
Relator term actor.
9 (RLIN) 69838
700 1# - ADDED ENTRY--PERSONAL NAME
Personal name Forlani, Claire,
Relator term actor.
9 (RLIN) 66091
710 2# - ADDED ENTRY--CORPORATE NAME
Corporate name or jurisdiction name as entry element CBS Films,
Relator term production company.
9 (RLIN) 5811112
710 2# - ADDED ENTRY--CORPORATE NAME
Corporate name or jurisdiction name as entry element Welle Entertainment (Firm),
Relator term production company.
9 (RLIN) 6005965
710 2# - ADDED ENTRY--CORPORATE NAME
Corporate name or jurisdiction name as entry element Wayfarer Entertainment (Firm),
Relator term production company.
9 (RLIN) 6005966
710 2# - ADDED ENTRY--CORPORATE NAME
Corporate name or jurisdiction name as entry element Lions Gate Home Entertainment,
Relator term film distributor.
9 (RLIN) 67693
730 02 - ADDED ENTRY--UNIFORM TITLE
-- Container of (work):
Uniform title Five feet apart (Motion picture).
9 (RLIN) 6005967
730 02 - ADDED ENTRY--UNIFORM TITLE
-- Container of (expression ):
Uniform title Five feet apart (Motion picture).
Language of a work Spanish.
9 (RLIN) 6005968
856 7# - ELECTRONIC LOCATION AND ACCESS
Materials specified View cover art
Uniform Resource Identifier <a href="http://midwesttapes.com/images/movies/000/000/000/012/322/000000000012322582.jpg">http://midwesttapes.com/images/movies/000/000/000/012/322/000000000012322582.jpg</a>
Access method http
942 ## - ADDED ENTRY ELEMENTS (KOHA)
Koha item type DVD
948 ## - LOCAL PROCESSING INFORMATION (OCLC); SERIES PART DESIGNATOR (RLIN)
Series part designator, SPT (RLIN) 06/21/2019
z (OCLC) Sirsi
994 ## -
-- C0
-- WACOL
996 ## -
-- 167233
-- 34301001633710
-- DVD
-- DVD
-- wcl
-- o
-- 17
-- 29.99
-- Midwest Tape
-- Fiv
-- 06/21/2019
-- 02/19/2020
-- 03/02/2020
Holdings
Withdrawn status Lost status Source of classification or shelving scheme Damaged status Not for loan Collection code Home library Current library Shelving location Date acquired Source of acquisition Cost, normal purchase price Total Checkouts Total Renewals Full call number Barcode Date last seen Date checked out Cost, replacement price Price effective from Koha item type
    Dewey Decimal Classification     Movies Wasatch County Library Wasatch County Library Audio Visual Area 06/21/2019   29.99 28 15 DVD Fiv 34301001633710 02/19/2026 02/13/2026 29.99 03/20/2020 DVD
This project was made possible through a grant from the Institute of Museum and Library Service administered by the Utah State Library Division.

Wasatch County Library

  • 465 East 1200 South, Heber City, Utah 84032
  • Phone 435-654-1511 | Fax 435-654-6456

Hours

  • Monday - Friday 9:30 AM - 8:00 PM
  • Saturday 9:30 AM - 1:30 PM
  • Closed Sundays and Holidays